| 000 -CABECERA |
| fixed length control field |
01061nam a22002057a 4500 |
| 003 - IDENTIFICADOR DEL NÚMERO DE CONTROL |
| control field |
AR-CdUCM |
| 008 - DATOS DE LONGITUD FIJA--INFORMACIÓN GENERAL |
| fixed length control field |
190327b ||||| |||| 00| 0 spa d |
| 040 ## - FUENTE DE LA CATALOGACIÓN |
| Agencia/entidad que catalogó originalmente la obra |
MUNICIPALIDAD PROVINCIAL DEL CUSCO |
| Entidad que transcribió la catalogación |
BIBLIOTECA MUNICIPAL DEL CUSCO |
| 082 ## - NÚMERO DE LA CLASIFICACIÓN DECIMAL DEWEY |
| No. de la edición |
4ed. |
| No. de Clasificación |
030 / |
| Notacion interna |
L12 |
| 245 ## - MENCIÓN DE TÍTULO |
| Título |
Lo que tú debes hacer : |
| Resto del título |
breve enciclopédia de cultura general / |
| 260 ## - PUBLICACIÓN, DISTRIBUCIÓN, ETC. |
| Lugar de publicación, distribución, etc. |
España : |
| Nombre de la editorial, distribuidor, etc. |
Labor, |
| Fecha de publicación, distribución, etc. |
1960. |
| 300 ## - DESCRIPCIÓN FÍSICA |
| Nº de Páginas Extensión |
XV ; 545 páginas ; |
| Otros detalles físicos |
láminas ; ilustraciones ; |
| Dimensiones |
22 cm. |
| 505 ## - NOTA DE CONTENIDO CON FORMATO |
| Nota de contenido formateada |
Contenido : Esquema general de la cultura -- Estudio de la materia inanimada -- El sistema solar y el universo de las estrellas -- La ciencia de la vida -- Los pueblos actuales del mundo -- La filosofía -- Las grandes corrientes de la historia universal -- Teoría y práctica de la economía -- Historia del arte -- Literatura universal -- Breves nociones sobre el arte de la música. |
| 650 ## - PUNTO DE ACCESO ADICIONAL DE MATERIA--TÉRMINO DE MATERIA |
| Descriptor |
Enciclopedia |
| 9 (RLIN) |
18075 |
| 650 ## - PUNTO DE ACCESO ADICIONAL DE MATERIA--TÉRMINO DE MATERIA |
| Descriptor |
Cultura general |
| 9 (RLIN) |
6239 |
| 710 ## - PUNTO DE ACCESO ADICIONAL--NOMBRE DE ENTIDAD CORPORATIVA |
| Nombre corporativo (En letras Mayúsculas) |
Editorial Labor |
| 9 (RLIN) |
25002 |
| 942 ## - ELEMENTOS DE PUNTO DE ACCESO ADICIONAL (KOHA) |
| Fuente de clasificación |
|
| Tipo de item |
Libros-BMC |
| 945 ## - PROCESAMIENTO DE INFORMACIÓN LOCAL (OCLC) |
| Catalogador |
zta |